000
00245nam a22001097a 4500
082
_a
158
_b
GUP/H
100
_a
GUPTA,M.K
245
_a
HOW TO OVERCOME FEAR
260
_a
INDIA
_b
PUSTAK MAHAL
650
_a
PERSONALITY DEVELOPMENT
_z
INDIA
942
_c
BK
999
_c
5163
_d
5163